000 00907njm a22002297a 4500
005 20100901115333.0
006 a|||||r|||||00| 0
007 sd ammalaaahaa
008 100901t xxu||||| |||| 00| 0 eng d
028 _aP 10740
_bHis Master's Voice
035 _aGR-324
040 _aSED
_cSED
100 _aKerkar, Surshree Kesarbal
_917891
245 _aKaise samjhau-Bhairvi/
_cby Surshree Kesarbai Kerkar
_h[Sound recording]
246 _aकैसे समझाऊ -भैरवी / सुरश्री केसरबाई केरकर
260 _aDUM DUM, India
_bHis Master's Voice
300 _a1 Sound disc [Gramophone Recording] :
_banalog, 33 1/3 rpm
_c9.5 in. (MP)
_fGramophone Record
500 _aBrief record
505 _aSide-2 मोरा रे (Mora Re) (Surshree Kesarbai Kerkar)
650 _aClassical music
_xExcerpts
_zIndia
_917892
942 _2ddc
_cGR
999 _c43456
_d43456